banner-ar

HISTOLOGY AND CELL BIOLOGY: PRETEST SELF-ASSESSMENT AND REVIEW / (Record no. 21325)

MARC details
000 -الفاتح
حقل البيانات ثابتة الطول 00461nam a2200169Ia 4500
008 - عناصر البيانات ثابتة الطول - معلومات عامة
حقل البيانات ثابتة الطول 140319s9999 xx 000 0 eng d
040 ## - مصدر الفهرسة
وكالة الفهرسة الأصلية GCL /
وكالة النسخ GCL
082 04 - رقم تصنيف ديوى العشرى
رقم التصنيف 611.018
رقم المادة K H
100 1# - المدخل الرئيسى - إسم شخصى
الإسم الشخصى KLEIN, ROBERT M.
245 10 - بيان العنوان
العنوان HISTOLOGY AND CELL BIOLOGY: PRETEST SELF-ASSESSMENT AND REVIEW /
بيان المسئوليه,etc KLEIN, ROBERT M.
260 ## - PUBLICATION, DISTRIBUTION, ETC. (IMPRINT)
تاريخ النشر أو التوزيع 1993
300 ## - الوصف المادى
التعداد 248 P
650 04 - المدخل الاضافى بالموضوع-مصطلح موضوعى
مصطلح موضوعي ANATOMY
650 04 - المدخل الاضافى بالموضوع-مصطلح موضوعى
مصطلح موضوعي HISTOLOGY
942 ## - عناصر المدخل الإضافي( كوها)
مصدر التصنيف او مخطط الترفيف Dewey Decimal Classification
Koha [default] item type كتاب
260 ## - PUBLICATION, DISTRIBUTION, ETC. (IMPRINT)
-- [S.N] :
-- MC GRAW - HILL ،
Holdings
حالة التراجع حالة الفقد حالة تلف ليس للاعارة المكان المؤقت الموقع الحالى تاريخ الاكتساب اجمالي اﻻعارات رقم الطلب الباركود تاريخ اخر مشاهدة تاريخ تفعيل السعر نوع وعاء كوها
        مكتبة القاهرة الكبرى مكتبة القاهرة الكبرى 03/26/2014   611.018\K H 39469 03/26/2014 03/26/2014 كتاب

Powered By

EGPV